| 000 | 00618nam a2200217Ia 4500 | ||
|---|---|---|---|
| 003 | OSt | ||
| 005 | 20230419111949.0 | ||
| 008 | 210423s2009 xx 000 0 und d | ||
| 020 | _a9780071287609 | ||
| 040 | _cAL | ||
| 041 | _aeng | ||
| 082 |
_a658 _223 _bBATT |
||
| 100 |
_aBATEMAN (Thomas S); SNELL (Scott A). _990478 |
||
| 245 | _aManagement: leading and collaborating in a competitive world. | ||
| 250 | _a8 | ||
| 260 |
_aBoston _bTata McGrawhill _c2009 |
||
| 300 |
_axxxvi,690,1-26 _bPB |
||
| 365 |
_b590 _cINR |
||
| 906 | _acollaborating ; competitive ; leading ; Management: ; world. | ||
| 942 |
_2ddc _cBK |
||
| 999 |
_c160722 _d160722 |
||